Welcome to CU Library Online Public Access Catalogue (OPAC)

Physics for scientists & engineers with modern physics/ (Record no. 1561)

MARC details
000 -LEADER
fixed length control field 00647nam a22001817a 4500
005 - DATE AND TIME OF LATEST TRANSACTION
control field 20241126124634.0
008 - FIXED-LENGTH DATA ELEMENTS--GENERAL INFORMATION
fixed length control field 241126b |||||||| |||| 00| 0 eng d
020 ## - INTERNATIONAL STANDARD BOOK NUMBER
International Standard Book Number 9780534408565
050 ## - LIBRARY OF CONGRESS CALL NUMBER
Classification number QC23
Item number .S46
100 ## - MAIN ENTRY--PERSONAL NAME
Personal name Gordon, John R.
245 ## - TITLE STATEMENT
Title Physics for scientists & engineers with modern physics/
Remainder of title student solutions manual & study guide for Serway and Jewett's, Volume 2
Statement of responsibility, etc. John R. Gordon, Ralph V. McGrew & Raymond A. Serway
250 ## - EDITION STATEMENT
Edition statement 6th ed.
260 ## - PUBLICATION, DISTRIBUTION, ETC.
Place of publication, distribution, etc. Australia
Name of publisher, distributor, etc. Thomson Brooks/Cole
Date of publication, distribution, etc. 2004
300 ## - PHYSICAL DESCRIPTION
Extent 376p.
Other physical details ill.
Dimensions 27.5cm
700 ## - ADDED ENTRY--PERSONAL NAME
Personal name McGrew, Ralph V.
700 ## - ADDED ENTRY--PERSONAL NAME
Personal name Serway, Raymond A.
942 ## - ADDED ENTRY ELEMENTS (KOHA)
Source of classification or shelving scheme Library of Congress Classification
Koha item type Books
Edition 6th ed. Vol 2
Suppress in OPAC No
999 ## -
-- 1561
-- 1561
Holdings
Withdrawn status Lost status Source of classification or shelving scheme Damaged status Not for loan Collection Home library Current library Shelving location Date acquired Total checkouts Full call number Barcode Date last seen Copy number Price effective from Koha item type
    Library of Congress Classification     Non-fiction Science Library (Miotso) Science Library (Miotso) General stacks 11/26/2024   QC23 .S46 GOR SLM00000873 11/26/2024 1 11/26/2024 Books
    Library of Congress Classification     Non-fiction Science Library (Miotso) Science Library (Miotso) General stacks 11/26/2024   QC23 .S46 GOR SLM00000874 11/26/2024 2 11/26/2024 Books
    Library of Congress Classification     Non-fiction Science Library (Miotso) Science Library (Miotso) General stacks 11/26/2024   QC23 .S46 GOR SLM00000875 11/26/2024 3 11/26/2024 Books
    Library of Congress Classification     Non-fiction Science Library (Miotso) Science Library (Miotso) General stacks 11/26/2024   QC23 .S46 GOR SLM00000876 11/26/2024 4 11/26/2024 Books
    Library of Congress Classification     Non-fiction Science Library (Miotso) Science Library (Miotso) General stacks 11/26/2024   QC23 .S46 GOR SLM00000877 11/26/2024 5 11/26/2024 Books
    Library of Congress Classification     Non-fiction Science Library (Miotso) Science Library (Miotso) General stacks 11/26/2024   QC23 .S46 GOR SLM00000878 11/26/2024 6 11/26/2024 Books
    Library of Congress Classification     Non-fiction Science Library (Miotso) Science Library (Miotso) General stacks 11/26/2024   QC23 .S46 GOR SLM00000879 11/26/2024 7 11/26/2024 Books
© 2023-2024 Copyright: Central University Libraries. All Rights Reserved | Created by: Mahone Tech Office